01086nam a2200193Ia 4500001001000000003001000010008004100020040002500061041001300086100004400099245005200143250001100195260006600206300002800272500022200300501011400522520022200636650003400858L235-7595IT-CnALBA170116s9999||||xx |||||||||||||| ||und|| aIT-CnALBAcIT-CnALBA aITALIANO aBALDELLI P. GIUSEPPE, PIA SOC. S. GIUS. 0aL'AVE MARIS STELLA. MESE DI MAGGIO CON ESEMPI.  a3a ed. aVICENZAbGALLA GIOVANNI LIBRAIO EDITOREc1919 [1° Ed.: n.d.] a382 p. (prefazione: 57) aMARIA GUIDA. DONI DELLA MADRE. VERGINITÀ. ANNUNCIAZIONE. REGINA DEGLI ANGELI. MADRE DI GRAZIA. IMMACOLATA. MADRE DEI CRISTIANI. MAESTRA NELLA FEDE. MODELLO DI CASTITÀ. UMILTÀ. OBBEDIENZA. DOLCEZZA. BENIGNITÀ.  aSocietà San Paolo EM - Piazza San Paolo, 14 - 12051 ALBA (CN) (non commercial uses only) ® Copyright 2017 aMARIA GUIDA. DONI DELLA MADRE. VERGINITÀ. ANNUNCIAZIONE. REGINA DEGLI ANGELI. MADRE DI GRAZIA. IMMACOLATA. MADRE DEI CRISTIANI. MAESTRA NELLA FEDE. MODELLO DI CASTITÀ. UMILTÀ. OBBEDIENZA. DOLCEZZA. BENIGNITÀ.  aMARIA SS. ANGELI SANTI DEMONI